000 00771nam a2200241Ia 4500
003 OSt
005 20220923221929.0
006 a|||||r|||| 00| 0
007 ta
008 220922b |||||||| |||| 00| 0 hin d
024 _a201,203
037 _cTextual
040 _aARTS
_cARTS
_bhin
041 _2hin
_ahin
082 _aV2:25xM89j, 152K4
100 _aचतुर्वेदी, बनारसीदास
245 0 _aनेहरू व्यक्तित्व और विचार
246 _aNeharū vyaktitva aur vichāra
260 _c1964
650 _aविश्व-इतिहास
942 _hV2:25xM89j, 152K4
_cTEXL
_2CC
999 _c352856
_d352856